000
00393nam a2200133Ia 4500
008
100328s9999 xx 000 0 und d
082
_b
53173
100
_a
जोशी य.गो.
245
_a
पुनर्भेट-भाग-2
260
_b
य.गो.जोशी
630
_a
पुनर्भेट-भाग-2
730
_a
पुनर्भेट-भाग-2
942
_c
BOOK
999
_c
540002
_d
539999